Atividades biológicas de espécies amazônicas de Rubiaceae (Registro n. 300005)
[ somente texto ]
| 000 -LÍDER | |
|---|---|
| fixed length control field | 04995nab a2200349 i 4500 |
| 003 - CÓDIGO MARC DA AGÊNCIA CATALOGADORA | |
| Campo de controle | BR-BrBNA |
| 005 - DATA E HORA DA ÚLTIMA ATUALIZAÇÃO | |
| Campo de controle | 20240611121854.0 |
| 008 - CAMPO DE TAMANHO FIXO | |
| fixed length control field | 240611b2015 bl.qr|pooa||| 00| 0 por | |
| 040 ## - FONTE DA CATALOGAÇÃO | |
| Agência catalogadora | BR-BrBNA |
| Idioma da catalogação | por |
| 072 ## - CATEGORIA AGRIS | |
| Código AGRIS | F60 |
| 100 ## - ENTRADA PRINCIPAL - NOME PESSOAL | |
| Nome pessoal | Mesquita, D.W.O. |
| 100 ## - ENTRADA PRINCIPAL - NOME PESSOAL | |
| Nome pessoal | Mesquita, A.S.S. |
| 100 ## - ENTRADA PRINCIPAL - NOME PESSOAL | |
| Nome pessoal | Cursino, L.M.C. |
| 100 ## - ENTRADA PRINCIPAL - NOME PESSOAL | |
| Nome pessoal | Souza, E.S. |
| 100 ## - ENTRADA PRINCIPAL - NOME PESSOAL | |
| Nome pessoal | Oliveira, A.C. |
| 100 ## - ENTRADA PRINCIPAL - NOME PESSOAL | |
| Nome pessoal | Pinheiro, C.C.S. |
| 100 ## - ENTRADA PRINCIPAL - NOME PESSOAL | |
| Nome pessoal | Novaes, J.A.P. |
| 100 ## - ENTRADA PRINCIPAL - NOME PESSOAL | |
| Nome pessoal | Oliveira, J.A.A. |
| 100 ## - ENTRADA PRINCIPAL - NOME PESSOAL | |
| Nome pessoal | Nunez, C.V. |
| 245 ## - TÍTULO PRINCIPAL | |
| Título principal | Atividades biológicas de espécies amazônicas de Rubiaceae |
| 500 ## - NOTA GERAL | |
| Nota geral | Publicação on-line; 26 ref.; 4 tables; 3 illus.; Summaries (En, Pt) |
| 942 ## - ADDED ENTRY ELEMENTS (KOHA) | |
| Koha item type | |
| 520 ## - NOTA DE RESUMO | |
| Nota de conteúdo | <br/>RESUMO: <br/><br/>Rubiaceae é uma família botânica com grande potencial químico e biológico Neste<br/>trabalho realizou-se a prospecção fitoquímica e avaliou-se as atividades citotóxica, antioxidante<br/>e antifúngica dos extratos diclorometânicos e metanólicos das folhas de Duroia saccifera,<br/>Ferdinandusa goudotiana, F. hirsuta, F. paraensis, Ferdinandusa sp., Palicourea corymbifera e<br/>P. guianensis. A avaliação da citotoxicidade foi realizada empregando-se o ensaio de toxicidade<br/>sobre Artemia salina. A atividade antifúngica foi determinada pelo método de difusão em ágar<br/>utilizando-se os fungos: Epidermophyton floccosum, Microsporum canis 32905, M. gipseum<br/>29/00, Trichophyton mentagrophytes ATCC 9533/03, T. rubrum ATCC 28189, T. tonsurans<br/>21/97, Cladosporium cladosporioides, C. sphaerospermum, Fusarium U. 662/06, Scytalidium<br/>U. 661/06, Candida albicans ATCC 3632 e C. albicans U. 5/99. A atividade antioxidante foi<br/>determinada através dos ensaios de redução do radical livre 1,1-difenil-2-picrilhidrazila (DPPH)<br/>e de descoloração do cátion radical ácido-6-sulfônico-2,2-azinobis-3-etilbenzotiazolina (ABTS).<br/>Para o ensaio de toxicidade sobre A. salina observou-se maior toxicidade no extrato metanólico<br/>de F. goudotiana, que se mostrou tóxico até a concentração de 5 µg mL-1. A presença de princípios<br/>antifúngicos foi observada em F. hirsuta e F. paraensis contra quatro dos fungos testados. Na<br/>avaliação da atividade antioxidante os extratos metanólicos mostraram maior atividade que os<br/>extratos diclorometânicos, sendo coincidente o resultado obtido através de ambos os métodos<br/>(redução do DPPH e descoloração do ABTS). Os resultados criam possibilidades para futuras<br/>investigações relacionadas à estrutura e atividade dos componentes de cada extrato ativo.<br/><br/>Palavras-chave: Artemia salina, Antioxidante, Antifúngica, Duroia, Palicourea. |
| 520 ## - NOTA DE RESUMO | |
| Nota de conteúdo | <br/><br/>ABSTRACT: Biological activities of Amazonian species of Rubiaceae. Rubiaceae is a plant<br/>family with great chemical and biological potential. In this work a phytochemical prospection<br/>was performed and it was assessed the cytotoxic, antioxidant and antifungal activities of<br/>dichloromethanic and methanolic extracts of the leaves of Duroia saccifera, Ferdinandusa<br/>goudotiana, F. hirsuta, F. paraensis, Ferdinandusa sp., Palicourea corymbifera and P. guianensis.<br/>The cytotoxicity evaluation was carried out using the test toxicity on Artemia salina. The antifungal<br/>activity was determined by agar diffusion method using fungi: Epidermophyton floccosum,<br/>Microsporum canis 32905, M. gipseum 29/00, Trichophyton mentagrophytes ATCC 9533/03, T.<br/>rubrum ATCC 28189, T. tonsurans 21/97 , Cladosporium cladosporioides, C. sphaerospermum,<br/>Fusarium U. 662/06, Scytalidium U. 661/06, Candida albicans ATCC 3632 and C. albicans U.<br/>5/99. The antioxidant activity was determined by testing the amount of free radical 1,1-diphenyl2-picrylhydrazyl <br/>(DPPH) and the discoloration of the radical cation 6-sulfonic acid-2 ,2-azinobis3-ethylbenzothiazoline (ABTS). <br/>For the toxicity test on A. salina greater toxicity in the methanol extract of F. goudotiana was observed, <br/>which proved to be toxic up to a concentration of 5 µg mL-1. The presence of antifungal principles was <br/>observed in the F. hirsuta and F. paraensis against four tested fungi. In the evaluation of the antioxidant <br/>activity, the methanol extracts showed greater activity than the dichloromethanic ones, being similar <br/>the obtained result through both methods (reduction of DDPH and ABTS decolorization) . <br/>The results create possibilities for future researches related to the structure and activity of the components <br/>of each active extract.<br/><br/>Keywords: Brine shrimp, Antioxidant , Antifungic, Duroia, Palicourea. |
| 650 ## - ASSUNTO - THESAGRO | |
| Cabeçalho tópico ou nome geográfico | ARTÊMIA SALINA |
| 650 ## - ASSUNTO - THESAGRO | |
| Cabeçalho tópico ou nome geográfico | ANTIOXIDANTE |
| 650 ## - ASSUNTO - THESAGRO | |
| Cabeçalho tópico ou nome geográfico | ERVA DO RATO |
| 650 ## - ASSUNTO - THESAGRO | |
| Cabeçalho tópico ou nome geográfico | PLANTA TÓXICA |
| 773 0# - ENTRADA ANALÍTICA | |
| Host Biblionumber | 3543 |
| Registro do item | 315781 |
| Imprenta | Botucatu-SP Instituto de Biociências - Departamento de Química e Bioquímica 1998 |
| Outro identificador | 2024-2143 |
| Título | Revista Brasileira de Plantas Medicinais (Brazil) |
| ISSN | 1516-0572 |
| Colação | v. 17(4) p. 604-613; (2015) |
| Número de controle de registro | BR2024001386 |
| 856 ## - ACESSO E ENDEREÇO ELETRÔNICO | |
| Identificador uniforme de recurso - URI | https://www.scielo.br/j/rbpm/a/gMxW9LSzbk4ztG9FBS6SSxQ/?format=pdf&lang=pt |
Nenhum exemplar disponível.

BINAGRI